Größte Städte Deutschlands mit über 10 Buchstaben - Statistiken

Allgemein
  • Dieses Quiz wurde 68 mal gespielt
  • Das Durchschnittsergebnis liegt bei 14 aus 30
Antwortstatistiken
# Einwohner Stadt BL % Korrekt
15 267.213 Mönchengladbach NW
91%
11 182.971 Saarbrücken SL
89%
13 267.930 Gelsenkirchen NW
87%
12 177.222 Ludwigshafen RP
85%
12 252.962 Braunschweig NI
81%
11 118.610 Bremerhaven HB
81%
14 100.426 Kaiserslautern RP
74%
11 74.113 Brandenburg BB
66%
15 111.361 Bergisch Gladbach NW
58%
21 89.756 Villingen-Schwenningen BW
58%
11 92.858 Ludwigsburg BW
57%
14 60.344 Neubrandenburg MV
57%
13 73.091 Aschaffenburg BY
55%
14 115.344 Recklinghausen NW
53%
12 75.402 Dessau-Roßlau ST
47%
13 75.745 Wilhelmshaven NI
47%
15 62.796 Friedrichshafen BW
45%
11 81.406 Delmenhorst NI
36%
11 65.627 Rüsselsheim HE
34%
13 73.282 Castrop-Rauxel NW
32%
11 82.844 Norderstedt SH
30%
12 54.168 Bad Kreuznach RP
23%
11 54.481 Schweinfurt BY
23%
12 65.983 Grevenbroich NW
19%
11 71.212 Lüdenscheid NW
19%
15 64.416 Schwäbisch Gmünd BW
19%
12 61.422 Sindelfingen BW
19%
12 53.958 Bad Salzuflen NW
17%
11 54.142 Langenhagen NI
9%
13 56.521 Sankt Augustin NW
8%
Keine übereinstimmenden Quizze gefunden
Verteilung der Resultate
Anzahl Personen mit jedem Resultat
Perzentil nach korrekt beantworteten Fragen
Ihre Resultats-Entwicklung
Sie haben dieses Quiz noch nicht gespielt